Memoirs 1950-1963, Volume 2 / (Record no. 13172)
[ view plain ]
| 000 -LEADER | |
|---|---|
| fixed length control field | 00842nam a22001937a 4500 |
| 008 - FIXED-LENGTH DATA ELEMENTS--GENERAL INFORMATION | |
| fixed length control field | 100120s1972 xxu||||| |||| 001 0beng d |
| 082 ## - DEWEY DECIMAL CLASSIFICATION NUMBER | |
| Edition number | 22 |
| Classification number | 327.2092 |
| Item number | KEN |
| 100 ## - MAIN ENTRY--PERSONAL NAME | |
| 9 (RLIN) | 10518 |
| Personal name | Kennan, George F. |
| Dates associated with a name | 1904- |
| Fuller form of name | (George Frost), |
| 245 ## - TITLE STATEMENT | |
| Title | Memoirs 1950-1963, Volume 2 / |
| Statement of responsibility, etc | George F. Kennan. |
| Name of part/section of a work | Volume 2 |
| 260 ## - PUBLICATION, DISTRIBUTION, ETC. (IMPRINT) | |
| Place of publication, distribution, etc | Boston: |
| Name of publisher, distributor, etc | Little, Brown,1972 |
| Date of publication, distribution, etc | 1972 |
| 300 ## - PHYSICAL DESCRIPTION | |
| Extent | 368 p.; |
| Dimensions | 24 cm. |
| 500 ## - GENERAL NOTE | |
| General note | "An Atlantic Monthly Press book." |
| 500 ## - GENERAL NOTE | |
| General note | Donated by: Alaa Abdel Ghany |
| 500 ## - GENERAL NOTE | |
| General note | Includes index |
| 600 ## - SUBJECT ADDED ENTRY--PERSONAL NAME | |
| 9 (RLIN) | 10518 |
| Personal name | Kennan, George F. |
| Dates associated with a name | 1904- |
| Fuller form of name | (George Frost), |
| 651 ## - SUBJECT ADDED ENTRY--GEOGRAPHIC NAME | |
| 9 (RLIN) | 10519 |
| Geographic name | United States |
| General subdivision | --Foreign relations |
| Geographic subdivision | --Soviet Union |
| 942 ## - ADDED ENTRY ELEMENTS (KOHA) | |
| Source of classification or shelving scheme | Dewey Decimal Classification |
| Item type | Book - Borrowing |
| Withdrawn status | Item status | Source of classification or shelving scheme | Damaged status | Not for loan | Vendor | Home library | Current library | Shelving location | Date acquired | Source of acquisition | Total Checkouts | Full call number | Barcode | Date last seen | Date last borrowed | Koha item type |
|---|---|---|---|---|---|---|---|---|---|---|---|---|---|---|---|---|
| Dewey Decimal Classification | Central Library | Central Library | First floor | 20/01/2010 | Donation | 1 | 327.2092 KEN | 000019506 | 15/07/2025 | 17/04/2011 | Book - Borrowing |